Vista normal
Vista MARC
Entrada Nombre Personal
Número de registros utilizados en: 1
001 - NUMERO DE CONTROL
- control field: 27314
003 - IDENTIFICADOR DEL NÚMERO DE CONTROL
- control field: AR-RoUNA
005 - FECHA Y HORA DE LA ÚLTIMA TRANSACCIÓN
- control field: 20250806082947.0
008 - ELEMENTOS DE DATOS DE LONGITUD FIJA
- fixed length control field: 250806|| aca||aabn | a|a d
010 ## - NÚMERO DE CONTROL DE LA BIBLIOTECA DEL CONGRESO
- LC control number: no2019035304
040 ## - FUENTE DE CATALOGACIÓN
- Original cataloging agency: AR-RoUNA
100 ## - ENCABEZADO--NOMBRE PERSONAL
- Nombre personal: Chalk, Warren
- Fechas asociadas con un nombre: 1927-1987
370 ## - LUGAR ASOCIADO
- País asociado: Londres (Inglaterra)
373 ## - GRUPO ASOCIADO
- Grupo asociado: Manchester School of Art
- Fuente de término: 2 naf
374 ## - OCUPACION
- Ocupación: Arquitecto
- Fuente del término: lcdgt
375 ## - GENERO
- Género: Masculino
377 ## - LENGUAJE ASOCIADO
- Código de lengua: Ingles
400 ## - REFERENCIA DE ENVIO “VEASE” - NOMBRE PERSONAL
- Nombre personal: Chalk, John Warren
- Fechas asociadas a un nombre: 1927-1987
500 2# - REFERENCIA DE ENVIO "VEASE ADEMAS" - NOMBRE PERSONAL
- Personal name: Archigram (Group)
- Reference instruction phrase: Member of
670 ## - FUENTE EN LA QUE SE LOCALIZARON DATOS
- Cita fuente: Archigram, 2018:
- Información encontrada: title page (Warren Chalk) page 4 (born 1927 in London; educated Manchester College of Art; died 1987)
670 ## - FUENTE EN LA QUE SE LOCALIZARON DATOS
- Cita fuente: Oxford Dictionary of National Biography WWW site, March 7, 2019
- Información encontrada: (Chalk, (John) Warren; 1927-1987; architect; Chalk’s fame stems principally from his membership of Archigram)